[Event "K41 Aabent Mesterskab 2008-09"]
[Site "Valby"]
[Date "2008.11.11"]
[Round "1"]
[White "Christensen, Aage Niels"]
[Black "Gjedde, Thomas"]
[Result "0-1"]
[WhiteElo "1463"]
[BlackElo "1966"]
[PlyCount "38"]
[EventDate "2008.??.??"]

1. e4 e5 2. f4 exf4 3. Bc4 Nf6 4. Nc3 Bb4 5. d3 d5 6. exd5 Nxd5 7. Qh5 Be6 8.
Bd2 Qe7 9. O-O-O Nxc3 10. bxc3 Ba3+ 11. Kb1 Bxc4 12. dxc4 O-O 13. Nf3 Nc6 14.
Rhe1 Qf6 15. Ng5 Qf5 16. g4 fxg3 17. hxg3 h6 18. Rh1 Rad8 19. Rdf1 Qc5 0-1

[Event "K41 Aabent Mesterskab 2008-09"]
[Site "Valby"]
[Date "2008.11.11"]
[Round "1"]
[White "Christiansen, Andreas Ryding Lund"]
[Black "Rasmussen, Morten(1956)"]
[Result "0-1"]
[WhiteElo "1300"]
[BlackElo "1724"]
[PlyCount "52"]
[EventDate "2008.??.??"]

1. d4 d5 2. c4 Nc6 3. Nc3 dxc4 4. Nf3 Nf6 5. e3 Bg4 6. Bxc4 e6 7. O-O a6 8. a4
Bb4 9. Bd3 O-O 10. h3 Bh5 11. g4 Bg6 12. Bxg6 hxg6 13. Qb3 Qe7 14. Bd2 Rfd8 15.
Rac1 e5 16. d5 Bxc3 17. dxc6 Bxd2 18. cxb7 Rab8 19. Rcd1 Bb4 20. Rxd8+ Rxd8 21.
Nxe5 Qxe5 22. Qxb4 Rb8 23. Rc1 a5 24. Qb3 Ne8 25. Rd1 Nd6 26. Rd5 Qe6 0-1

[Event "K41 Aabent Mesterskab 2008-09"]
[Site "Valby"]
[Date "2008.11.11"]
[Round "1"]
[White "Dyremose, Morten Sigvart"]
[Black "Hansen, Frank R"]
[Result "1-0"]
[WhiteElo "1123"]
[BlackElo "1567"]
[PlyCount "56"]
[EventDate "2008.??.??"]

1. e4 e6 2. Nf3 c5 3. Nc3 Nc6 4. Bc4 Nf6 5. d3 a6 6. a3 Be7 7. Bg5 h6 8. Bxf6
Bxf6 9. Qd2 O-O 10. O-O b5 11. Ba2 Bb7 12. Rab1 Qa5 13. Ne2 Qb6 14. c3 b4 15.
Bb3 a5 16. a4 Rad8 17. d4 cxd4 18. cxd4 d6 19. d5 exd5 20. Bxd5 Ne7 21. Bxb7
Qxb7 22. Ng3 Rfe8 23. Rfe1 Nc6 24. Nh5 Be7 25. Qd5 Qd7 26. Nd4 Nxd4 27. Qxd4
Bf8 28. Re2 g6 1-0

[Event "K41 Aabent Mesterskab 2008-09"]
[Site "Valby"]
[Date "2008.11.11"]
[Round "1"]
[White "Eiholt, Bjarne"]
[Black "Hansen, Peter Steen"]
[Result "0-1"]
[WhiteElo "1578"]
[BlackElo "1124"]
[PlyCount "80"]
[EventDate "2008.??.??"]

1. d4 Nf6 2. c4 e6 3. Nc3 d5 4. Bg5 Be7 5. cxd5 exd5 6. e3 O-O 7. Bd3 h6 8. Bh4
Nbd7 9. Nge2 Ng4 10. Bxe7 Qxe7 11. Nf4 Nb6 12. Nfxd5 Nxd5 13. Nxd5 Qd6 14. Nc3
Re8 15. h3 Nxe3 16. fxe3 Rxe3+ 17. Ne2 Qg3+ 18. Kf1 Qg5 19. Rc1 Qf6+ 20. Ke1
Qh4+ 21. Kd2 Qg5 22. Kc2 Bf5 23. Bxf5 Qxf5+ 24. Kd2 Rd3+ 25. Ke1 Rxd1+ 26. Rxd1
Re8 27. Rd2 Qb1+ 28. Rd1 Qxb2 29. Rd2 Qb1+ 30. Rd1 Qxa2 31. Rd2 Qd5 32. Kf2
Qf5+ 33. Ke1 Re6 34. Rf1 Qe4 35. Kf2 Qe3+ 36. Ke1 Qg3+ 37. Kd1 Qxg2 38. Rg1
Qxh3 39. Rc2 Qd3+ 40. Rd2 Qb1+ 0-1

[Event "K41 Aabent Mesterskab 2008-09"]
[Site "Valby"]
[Date "2008.11.11"]
[Round "1"]
[White "Hou, Mads"]
[Black "Christensen, Esben"]
[Result "0-1"]
[WhiteElo "1477"]
[BlackElo "1990"]
[PlyCount "88"]
[EventDate "2008.??.??"]

1. e4 c5 2. Nc3 e6 3. Nf3 a6 4. d4 cxd4 5. Nxd4 d6 6. Be3 Nf6 7. f3 b5 8. Bd3
Qc7 9. g4 Bb7 10. g5 Nfd7 11. Qd2 b4 12. Nce2 d5 13. c3 Nc5 14. e5 bxc3 15.
bxc3 Nxd3+ 16. Qxd3 Nd7 17. Bf4 Nxe5 18. Qe3 Bd6 19. Bxe5 Bxe5 20. f4 Bxd4 21.
Nxd4 O-O 22. O-O Rfe8 23. Qe5 Rac8 24. Rab1 Bc6 25. Rf3 Re7 26. h4 Qxe5 27.
fxe5 Rb7 28. Rxb7 Bxb7 29. h5 g6 30. h6 a5 31. Rf2 Ba6 32. Rb2 Kf8 33. Rb6 Bd3
34. Nb5 Bxb5 35. Rxb5 Rxc3 36. Rb8+ Ke7 37. Rb7+ Ke8 38. Rb8+ Kd7 39. Rh8 Rg3+
40. Kf2 Rxg5 41. Rxh7 Rxe5 42. Rxf7+ Kd6 43. Rf6 Rh5 44. Rxg6 Ke5 0-1

[Event "K41 Aabent Mesterskab 2008-09"]
[Site "Valby"]
[Date "2008.11.11"]
[Round "1"]
[White "Jorgensen, Kasper Moller"]
[Black "Dyremose, Flemming"]
[Result "1-0"]
[WhiteElo "1932"]
[BlackElo "1459"]
[PlyCount "73"]
[EventDate "2008.??.??"]

1. e4 c5 2. Nf3 d6 3. Bb5+ Bd7 4. Bxd7+ Qxd7 5. O-O Nc6 6. c3 Nf6 7. Qe2 e5 8.
Na3 Be7 9. d4 cxd4 10. cxd4 Qg4 11. d5 Nd8 12. Re1 O-O 13. Nc4 b6 14. h3 Qd7
15. Bd2 Nb7 16. b4 Rfc8 17. a4 Rc7 18. Bg5 Rac8 19. Rec1 b5 20. axb5 Qxb5 21.
Nfd2 Nxd5 22. Bxe7 Nxe7 23. Rxa7 Nc6 24. Ra3 Nd4 25. Qd3 Qxb4 26. Rb1 Qc5 27.
Nb6 Rd8 28. Nd5 Rcd7 29. Nc4 Qc6 30. Ncb6 Nc5 31. Nxd7 Qxd7 32. Qd2 Nxe4 33.
Qa2 Kf8 34. Ra8 Ne2+ 35. Kh2 N2c3 36. Nxc3 Nxc3 37. Qa5 1-0

[Event "K41 Aabent Mesterskab 2008-09"]
[Site "Valby"]
[Date "2008.11.11"]
[Round "1"]
[White "Jorgensen, Orla Eilegaard"]
[Black "Abildgaard, Kenneth"]
[Result "0-1"]
[WhiteElo "1390"]
[BlackElo "1796"]
[PlyCount "149"]
[EventDate "2008.??.??"]

1. c4 e5 2. Nc3 Nf6 3. d3 Nc6 4. a3 Bc5 5. g3 b6 6. Bg2 Bb7 7. b4 Be7 8. Nf3
Qc8 9. e3 a6 10. Bb2 Nd8 11. O-O d6 12. Re1 O-O 13. a4 Ne6 14. Bh3 Qd8 15. Bg2
Ra7 16. b5 a5 17. Qc2 Qa8 18. e4 c6 19. bxc6 Bxc6 20. Nb5 Bxb5 21. cxb5 Rc7 22.
Qe2 Rfc8 23. Rec1 Nc5 24. Qd1 Nfd7 25. Bh3 f6 26. Nh4 g6 27. f4 exf4 28. gxf4
f5 29. Nxf5 gxf5 30. Bxf5 Nf6 31. Bxc8 Qxc8 32. f5 Kf7 33. Bxf6 Bxf6 34. Qh5+
Kf8 35. Ra2 Nxd3 36. Qh6+ Ke8 37. Rxc7 Bd4+ 38. Kf1 Qxc7 39. Qe6+ Kf8 40. Qh6+
Bg7 41. Qd2 Nb4 42. Ra3 Qc4+ 43. Kf2 Qc5+ 44. Kf3 Nc2 45. Rd3 Nd4+ 46. Kg2 Qb4
47. Qc1 Qc5 48. Rc3 Qe5 49. Rc8+ Kf7 50. Qc7+ Kf6 51. Qd8+ Qe7 52. Qxe7+ Kxe7
53. Rc7+ Kf6 54. Rb7 Bh6 55. Rxb6 Ke5 56. Ra6 Bd2 57. f6 Kxf6 58. Rxd6+ Ke5 59.
Rd7 h6 60. b6 Kxe4 61. b7 Bf4 62. Rh7 Nc6 63. Kh3 Kd5 64. Kg4 Bxh2 65. Rxh6 Bd6
66. Rh5+ Ke6 67. Rb5 Kd7 68. Rd5 Ke6 69. Rb5 Bb8 70. Rb6 Kd7 71. Kf3 Bc7 72.
Rb5 Nb8 73. Rd5+ Kc6 74. Rf5 Kxb7 75. Rb5+ 0-1

[Event "K41 Aabent Mesterskab 2008-09"]
[Site "Valby"]
[Date "2008.11.11"]
[Round "1"]
[White "Jorgensen, Rasmus"]
[Black "Mollmann, Erik"]
[Result "1-0"]
[WhiteElo "2036"]
[BlackElo "1482"]
[PlyCount "55"]
[EventDate "2008.??.??"]

1. e4 Nc6 2. d4 d5 3. e5 f6 4. f4 Nh6 5. Nf3 Bf5 6. a3 Qd7 7. c4 e6 8. cxd5
exd5 9. Nc3 Be7 10. Bb5 a6 11. Ba4 O-O 12. Nxd5 Kh8 13. Bxc6 bxc6 14. Nxe7 Qxe7
15. O-O Be4 16. Bd2 Qd7 17. Bc3 Qd5 18. Bb4 Rf7 19. Bc5 fxe5 20. Nxe5 Rf5 21.
Qe2 Qb3 22. Qxe4 Rh5 23. Qf3 Qxf3 24. Rxf3 Re8 25. g4 Rhxe5 26. fxe5 Nxg4 27.
Raf1 h6 28. h3 1-0

[Event "K41 Aabent Mesterskab 2008-09"]
[Site "Valby"]
[Date "2008.11.11"]
[Round "1"]
[White "Kristensen, Steffen Michael"]
[Black "Nielsen, Jorgen Holmstrom"]
[Result "0-1"]
[WhiteElo "1164"]
[BlackElo "1591"]
[PlyCount "28"]
[EventDate "2008.??.??"]

1. b3 d5 2. Bb2 Bg4 3. h3 Bh5 4. d4 Nf6 5. Nc3 e6 6. Qd3 a6 7. O-O-O c5 8. dxc5
Bxc5 9. Qg3 O-O 10. Ne4 Nbd7 11. Bxf6 Ba3+ 12. Bb2 Bxb2+ 13. Kxb2 dxe4 14. e3
Bxd1 0-1

[Event "K41 Aabent Mesterskab 2008-09"]
[Site "Valby"]
[Date "2008.11.11"]
[Round "1"]
[White "Luedeking, John"]
[Black "Olesen, Poul Erik"]
[Result "1-0"]
[WhiteElo "1739"]
[BlackElo "1304"]
[PlyCount "43"]
[EventDate "2008.??.??"]

1. e4 e5 2. Nf3 d6 3. Nc3 Nf6 4. d4 exd4 5. Nxd4 c5 6. Bb5+ Bd7 7. Bxd7+ Qxd7
8. Nf5 Nxe4 9. Nxe4 Qxf5 10. Nxd6+ Bxd6 11. Qxd6 Qe4+ 12. Be3 Nd7 13. O-O-O
O-O-O 14. Bf4 Qc6 15. Qxc6+ bxc6 16. Rd6 Nb8 17. Rhd1 Rxd6 18. Rxd6 Kb7 19. Be3
Na6 20. Rd7+ Kb6 21. Rxf7 g6 22. a3 1-0

[Event "K41 Aabent Mesterskab 2008-09"]
[Site "Valby"]
[Date "2008.11.11"]
[Round "1"]
[White "Nielsen, Frode Benedikt"]
[Black "Krull, Carl"]
[Result "1-0"]
[WhiteElo "1973"]
[BlackElo "1467"]
[PlyCount "101"]
[EventDate "2008.??.??"]

1. e4 e5 2. d4 exd4 3. Qxd4 Nc6 4. Qe3 Bb4+ 5. Nc3 d6 6. Bd2 Nf6 7. O-O-O Be6
8. f4 O-O 9. Bd3 Re8 10. Nge2 a6 11. Qf3 d5 12. e5 Ne4 13. Nxe4 dxe4 14. Qxe4
Bxd2+ 15. Rxd2 Qh4 16. g3 Qh6 17. Nc3 Rad8 18. Re1 g6 19. Qe3 Nb4 20. Ne4 Nd5
21. Qf2 Bf5 22. Nf6+ Nxf6 23. exf6 Rxe1+ 24. Qxe1 Bxd3 25. Rxd3 Rxd3 26. cxd3
Qf8 27. Qe7 Qc8 28. Kd2 c5 29. g4 h6 30. h4 b6 31. f5 gxf5 32. g5 hxg5 33. hxg5
Qf8 34. Qxf8+ Kxf8 35. Ke3 b5 36. Kf4 a5 37. Kxf5 a4 38. b3 Kg8 39. bxa4 bxa4
40. g6 fxg6+ 41. Kxg6 a3 42. Kf5 Kf7 43. Ke5 Kf8 44. Kd6 Kf7 45. Kxc5 Kxf6 46.
Kb4 Ke5 47. Kxa3 Kd4 48. Kb4 Kxd3 49. a4 Kd4 50. a5 Kd5 51. Kb5 1-0

[Event "K41 Aabent Mesterskab 2008-09"]
[Site "Valby"]
[Date "2008.11.11"]
[Round "1"]
[White "Nielsen, Jais Norgaard"]
[Black "Wadtland, Flemming"]
[Result "1-0"]
[WhiteElo "1625"]
[BlackElo "1232"]
[PlyCount "41"]
[EventDate "2008.??.??"]

1. e4 c6 2. d4 d5 3. e5 Bf5 4. f4 e6 5. Bd3 Ne7 6. Nf3 Bxd3 7. Qxd3 Nf5 8. g4
Nh6 9. h3 Nd7 10. Nbd2 Be7 11. Nf1 Qa5+ 12. Bd2 Qb6 13. b3 O-O-O 14. a4 c5 15.
a5 Qc7 16. Qe2 Rhf8 17. Ng3 a6 18. dxc5 Nxc5 19. b4 Nd7 20. Ra3 Qc4 21. Rc3 1-0

[Event "K41 Aabent Mesterskab 2008-09"]
[Site "Valby"]
[Date "2008.11.11"]
[Round "1"]
[White "Nielsen, Lars Emil Woetmann"]
[Black "Karup, Jesper"]
[Result "0-1"]
[WhiteElo "1241"]
[BlackElo "1638"]
[PlyCount "66"]
[EventDate "2008.??.??"]

1. e4 e6 2. d4 d5 3. exd5 exd5 4. Nf3 Bd6 5. Nc3 c6 6. Bg5 Nf6 7. Qe2+ Be6 8.
O-O-O h6 9. Bh4 O-O 10. Qe3 Qc7 11. Bg3 Nbd7 12. Bd3 b5 13. Qd2 Nb6 14. Bxd6
Qxd6 15. Ne5 b4 16. Nb1 Nc4 17. Qe2 Qc7 18. f4 Qc8 19. h3 Nd6 20. g4 Nfe4 21.
Rhg1 a5 22. Nd2 a4 23. f5 Bd7 24. Nxe4 dxe4 25. Bxe4 Re8 26. g5 Nxe4 27. gxh6
Rxe5 28. Rxg7+ Kf8 29. dxe5 Bxf5 30. Rdg1 Ke7 31. h7 Qe6 32. c4 Qh6+ 33. Kb1
Nc3+ 0-1

[Event "K41 Aabent Mesterskab 2008-09"]
[Site "Valby"]
[Date "2008.11.11"]
[Round "1"]
[White "Nielsen, Soren Skovso"]
[Black "Wassmann, Martin"]
[Result "1-0"]
[WhiteElo "1556"]
[BlackElo "1098"]
[PlyCount "89"]
[EventDate "2008.??.??"]

1. e4 e5 2. Nf3 Nf6 3. Nc3 Nc6 4. Bb5 Nd4 5. Bc4 d6 6. Ng5 Be6 7. Nxe6 Nxe6 8.
d3 Nd4 9. O-O c6 10. Be3 a6 11. a3 d5 12. exd5 cxd5 13. Ba2 Ne6 14. d4 Bd6 15.
Nxd5 Nxd5 16. Bxd5 Qc7 17. Bxe6 fxe6 18. g3 O-O-O 19. Qg4 Rhe8 20. c4 exd4 21.
Bxd4 Be5 22. Bxe5 Qxe5 23. b3 Rd4 24. Qh3 h5 25. Rae1 Re4 26. Rxe4 Qxe4 27.
Qxh5 g6 28. Qc5+ Kb8 29. b4 Rc8 30. Qd6+ Ka8 31. c5 Rc6 32. Qd8+ Ka7 33. Qd2 e5
34. Re1 Qd4 35. Qe2 Re6 36. Rd1 Qc3 37. Rd3 Qc1+ 38. Kg2 Qc4 39. Qe3 e4 40. c6+
Kb8 41. Rc3 Qd5 42. Qf4+ Rd6 43. Rc5 Qd3 44. Qf8+ Rd8 45. c7+ 1-0

[Event "K41 Aabent Mesterskab 2008-09"]
[Site "Valby"]
[Date "2008.11.11"]
[Round "1"]
[White "Pommerencke, Lars"]
[Black "Sorensen, Dick"]
[Result "0-1"]
[WhiteElo "1424"]
[BlackElo "1873"]
[PlyCount "92"]
[EventDate "2008.??.??"]

1. d4 d5 2. Nf3 Nf6 3. e3 Bf5 4. c4 e6 5. Nc3 c6 6. cxd5 exd5 7. Bd3 Qc8 8. Nh4
Bxd3 9. Qxd3 Qg4 10. g3 Bb4 11. f3 Qe6 12. O-O O-O 13. a3 Bd6 14. e4 dxe4 15.
fxe4 Rd8 16. Bg5 Nbd7 17. Rad1 Bc7 18. Qf3 Bb6 19. Kg2 h6 20. d5 cxd5 21. exd5
Nxd5 22. Rde1 Ne5 23. Rxe5 Qxe5 24. Qxf7+ Kh7 25. Bxd8 Ne3+ 26. Kh3 Rxd8 27.
Qg6+ Kh8 28. Ne4 Nxf1 29. Nf5 Rd5 30. Ned6 Rxd6 31. Nxd6 Qf6 32. Qe8+ Kh7 33.
Qe4+ g6 34. Qxb7+ Qg7 35. Qc6 Qxb2 36. Qd7+ Qg7 37. Qe6 Bd8 38. Nf7 Bf6 39. Qe8
Nd2 40. Qd7 Nf3 41. Qd5 Ng5+ 42. Nxg5+ Bxg5 43. Kg4 Be3 44. Kf3 Bb6 45. Qd6
Qf7+ 46. Ke4 Qf5# 0-1

[Event "K41 Aabent Mesterskab 2008-09"]
[Site "Valby"]
[Date "2008.11.11"]
[Round "1"]
[White "Ringsborg, Allan"]
[Black "Krogh, Soren"]
[Result "1-0"]
[WhiteElo "1641"]
[BlackElo "1243"]
[PlyCount "77"]
[EventDate "2008.??.??"]

1. b4 e5 2. Bb2 d6 3. e3 Nf6 4. c4 Bf5 5. g3 Be7 6. Bg2 c6 7. Nc3 Nbd7 8. a4
O-O 9. d3 Qc7 10. h3 a5 11. b5 Nc5 12. e4 Be6 13. Nge2 Ne8 14. O-O f5 15. f4
Qd7 16. Kh2 fxe4 17. Nxe4 Nxe4 18. dxe4 Bf6 19. Qc2 Nc7 20. Rad1 Qe7 21. Ba3 c5
22. f5 Bf7 23. Rd3 h5 24. Rfd1 Rad8 25. h4 b6 26. Ng1 Ne8 27. Nf3 Kh8 28. Bc1
Rg8 29. Ng5 Bxg5 30. hxg5 g6 31. f6 Qf8 32. Bh3 Nc7 33. Bb2 Qe8 34. Rxd6 Rxd6
35. Rxd6 Na8 36. Qd1 Rf8 37. Qe2 Qb8 38. Bxe5 Rd8 39. Rd7 1-0

[Event "K41 Aabent Mesterskab 2008-09"]
[Site "Valby"]
[Date "2008.11.11"]
[Round "1"]
[White "Ryberg, Denis"]
[Black "Gjelstrup, Ole"]
[Result "1-0"]
[WhiteElo "1773"]
[BlackElo "1331"]
[PlyCount "43"]
[EventDate "2008.??.??"]

1. e4 e5 2. Nc3 Nf6 3. f4 d5 4. fxe5 Nxe4 5. Nf3 Bg4 6. d4 Bb4 7. Qd3 Bxc3+ 8.
bxc3 c6 9. Ba3 Nd7 10. Qe3 Qb6 11. Ng5 f6 12. Nxe4 dxe4 13. Qxe4 f5 14. Qf4
O-O-O 15. Bd3 Nxe5 16. dxe5 Rhe8 17. h3 Rxd3 18. cxd3 Qa6 19. Bb4 Qxd3 20. hxg4
fxg4 21. Qxg4+ Kb8 22. Qf4 1-0

[Event "K41 Aabent Mesterskab 2008-09"]
[Site "Valby"]
[Date "2008.11.11"]
[Round "1"]
[White "Zmylon, Frederik Nielsen"]
[Black "Ottosen, Peder"]
[Result "0-1"]
[WhiteElo "1516"]
[BlackElo "2050"]
[PlyCount "62"]
[EventDate "2008.??.??"]

1. e4 c5 2. Nf3 e6 3. d4 cxd4 4. Nxd4 a6 5. Nc3 Qc7 6. Be2 Nf6 7. Bg5 Bb4 8.
Bxf6 Bxc3+ 9. bxc3 Qxc3+ 10. Kf1 gxf6 11. Nb3 Nc6 12. Qd3 Qe5 13. g3 b6 14. c3
Bb7 15. Rd1 Rd8 16. f4 Qc7 17. Kf2 O-O 18. Qd6 Qxd6 19. Rxd6 Ne7 20. Rhd1 Bxe4
21. Rxd7 Rxd7 22. Rxd7 Nd5 23. c4 Nc3 24. Nd2 Bc6 25. Rc7 Ba4 26. Rb7 Rd8 27.
Nf1 Rd6 28. Bh5 Be8 29. Rb8 Kf8 30. Ra8 a5 31. c5 Ne4+ 0-1

[Event "K41 Aabent Mesterskab 2008-09"]
[Site "Valby"]
[Date "2008.11.25"]
[Round "2"]
[White "Abildgaard, Kenneth"]
[Black "Nielsen, Soren Skovso"]
[Result "1-0"]
[WhiteElo "1796"]
[BlackElo "1556"]
[PlyCount "37"]
[EventDate "2008.??.??"]

1. e4 e5 2. Nf3 Nc6 3. Bc4 Bc5 4. c3 Nf6 5. d4 exd4 6. e5 Qe7 7. O-O Nxe5 8.
Re1 d5 9. Nxe5 Be6 10. Bb5+ Kf8 11. cxd4 Bd6 12. Bg5 c6 13. Bd3 Qc7 14. h3 Ne4
15. Bxe4 dxe4 16. Qh5 Bf5 17. Be7+ Bxe7 18. Qxf5 Rd8 19. Qxf7# 1-0

[Event "K41 Aabent Mesterskab 2008-09"]
[Site "Valby"]
[Date "2008.11.25"]
[Round "2"]
[White "Christensen, Esben"]
[Black "Luedeking, John"]
[Result "1-0"]
[WhiteElo "1990"]
[BlackElo "1739"]
[PlyCount "57"]
[EventDate "2008.??.??"]

1. e4 c5 2. Nf3 d6 3. d4 cxd4 4. Nxd4 Nf6 5. Nc3 g6 6. Be2 Bg7 7. O-O Nc6 8.
Be3 O-O 9. Kh1 a6 10. a4 Qc7 11. f4 b6 12. Bf3 Bb7 13. Nb3 e5 14. f5 Nb4 15.
Bg5 d5 16. Bxf6 Bxf6 17. fxg6 fxg6 18. exd5 Rad8 19. Qd2 Bg7 20. a5 b5 21. Nxb5
Qc4 22. Na3 Qf4 23. Qe1 e4 24. Be2 Qh6 25. Qxb4 Be5 26. h3 Qe3 27. Qe1 Bc8 28.
Rxf8+ Rxf8 29. Nc4 1-0

[Event "K41 Aabent Mesterskab 2008-09"]
[Site "Valby"]
[Date "2008.11.25"]
[Round "2"]
[White "Dyremose, Flemming"]
[Black "Nielsen, Lars Emil Woetmann"]
[Result "1-0"]
[WhiteElo "1459"]
[BlackElo "1241"]
[PlyCount "73"]
[EventDate "2008.??.??"]

1. d4 Nf6 2. c4 e6 3. Nc3 b6 4. Nf3 Bb7 5. e3 c5 6. Be2 d5 7. O-O Nbd7 8. Qa4
Bd6 9. Nb5 Bb8 10. dxc5 bxc5 11. b3 O-O 12. Nc3 Qc7 13. cxd5 exd5 14. Qh4 Ne5
15. Nxe5 Qxe5 16. Bb2 d4 17. Na4 Qe7 18. Bd3 Be5 19. Rfe1 Qd6 20. Rad1 Qc6 21.
f3 Rfe8 22. Rc1 Qd6 23. Red1 Rac8 24. Bf5 Rc6 25. f4 Bxf4 26. Qxf4 Qxf4 27.
exf4 Re2 28. Re1 Rce6 29. Bxe6 Rxg2+ 30. Kf1 fxe6 31. Re2 Rg4 32. Nxc5 Bc6 33.
a4 Rxf4+ 34. Rf2 Rxf2+ 35. Kxf2 e5 36. Nd3 e4 37. Rxc6 1-0

[Event "K41 Aabent Mesterskab 2008-09"]
[Site "Valby"]
[Date "2008.11.25"]
[Round "2"]
[White "Gjedde, Thomas"]
[Black "Ringsborg, Allan"]
[Result "1-0"]
[WhiteElo "1966"]
[BlackElo "1641"]
[PlyCount "61"]
[EventDate "2008.??.??"]

1. d4 f5 2. g3 Nf6 3. Bg2 e6 4. Nf3 d6 5. c4 h6 6. Nh4 g5 7. Ng6 Rg8 8. Nxf8
Rxf8 9. h4 Rg8 10. Nc3 Nbd7 11. Qd3 Qe7 12. Bd2 e5 13. O-O-O e4 14. Qc2 Ng4 15.
Nd5 Qd8 16. Rdf1 c6 17. f3 e3 18. Nxe3 Nxe3 19. Bxe3 Nb6 20. hxg5 hxg5 21. Rh6
Qe7 22. Bf2 Bd7 23. e4 fxe4 24. fxe4 O-O-O 25. Rfh1 Qf7 26. b3 Kc7 27. Be3 Rde8
28. Rf1 Qg7 29. Rhf6 Rgf8 30. Rxf8 Rxf8 31. Rxf8 1-0

[Event "K41 Aabent Mesterskab 2008-09"]
[Site "Valby"]
[Date "2008.11.25"]
[Round "2"]
[White "Gjelstrup, Ole"]
[Black "Eiholt, Bjarne"]
[Result "0-1"]
[WhiteElo "1331"]
[BlackElo "1578"]
[PlyCount "73"]
[EventDate "2008.??.??"]

1. e4 c6 2. d4 d5 3. Nc3 dxe4 4. Bc4 Nf6 5. f3 Bf5 6. Bg5 Nbd7 7. Qd2 h6 8. Bh4
Nb6 9. Bb3 Nbd5 10. O-O-O e3 11. Qe1 e6 12. Nxd5 cxd5 13. Ba4+ b5 14. Bxb5+ Ke7
15. Qb4+ Qd6 16. Be1 a5 17. Qa4 Qd8 18. b4 Nd7 19. bxa5 Nb6 20. Qa3+ Kf6 21.
Qxe3 Rc8 22. Qe5+ Kg6 23. Bd3 Bd6 24. Qe2 Nc4 25. Bxf5+ exf5 26. Rd3 Ba3+ 27.
Rxa3 Nxa3 28. c3 Rb8 29. Qa6+ Kh7 30. Ne2 Qe7 31. Qd3 Rb1+ 32. Kd2 Rb2+ 33. Kd1
Rhb8 34. Bd2 Nc4 35. Bc1 Rb1 36. Qxf5+ g6 37. Qxd5 0-1

[Event "K41 Aabent Mesterskab 2008-09"]
[Site "Valby"]
[Date "2008.11.25"]
[Round "2"]
[White "Hansen, Frank R"]
[Black "Sorensen, Hans Erik Then"]
[Result "1/2-1/2"]
[WhiteElo "1567"]
[BlackElo "1308"]
[PlyCount "37"]
[EventDate "2008.??.??"]

1. d4 f5 2. e4 fxe4 3. Qh5+ g6 4. Qe5 Nf6 5. Nc3 Bg7 6. Nd5 d6 7. Nxf6+ Bxf6 8.
Qxe4 d5 9. Qf4 O-O 10. Nf3 Nc6 11. c3 Bg7 12. Qg3 e5 13. dxe5 Nxe5 14. Be2 Qe7
15. O-O Nxf3+ 16. Bxf3 c6 17. Bf4 Qf7 18. Bd6 Re8 19. Rfe1 1/2-1/2

[Event "K41 Aabent Mesterskab 2008-09"]
[Site "Valby"]
[Date "2008.11.25"]
[Round "2"]
[White "Hansen, Peter Steen"]
[Black "Truelsen, Ole Illum"]
[Result "0-1"]
[WhiteElo "1124"]
[BlackElo "1802"]
[PlyCount "62"]
[EventDate "2008.??.??"]

1. e4 e6 2. Nf3 d5 3. Bb5+ c6 4. Bd3 g6 5. O-O Bg7 6. e5 Ne7 7. c3 Nd7 8. Re1
Qc7 9. Bc2 Nxe5 10. d4 Nxf3+ 11. Qxf3 O-O 12. Bf4 Qd7 13. Qe3 b6 14. Nd2 Re8
15. Nf3 f6 16. Bh6 Bh8 17. Nh4 e5 18. dxe5 fxe5 19. Rad1 Bb7 20. Qg3 Qe6 21.
Bb3 b5 22. Re4 Nf5 23. Nxf5 Qxf5 24. Rh4 Bf6 25. Rh5 Qxh5 26. Be3 Kg7 27. f4
exf4 28. Qxf4 Be5 29. Bd4 Bxd4+ 30. Qxd4+ Qe5 31. Qg4 Qe3+ 0-1

[Event "K41 Aabent Mesterskab 2008-09"]
[Site "Valby"]
[Date "2008.11.25"]
[Round "2"]
[White "Karup, Jesper"]
[Black "Nielsen, Frode Benedikt"]
[Result "0-1"]
[WhiteElo "1638"]
[BlackElo "1973"]
[PlyCount "76"]
[EventDate "2008.??.??"]

1. e4 e5 2. Nf3 Nc6 3. Bb5 Nge7 4. O-O a6 5. Ba4 Ng6 6. d4 Bd6 7. c3 O-O 8. Be3
b5 9. Bc2 Bb7 10. Nbd2 Nce7 11. dxe5 Bxe5 12. Nxe5 Nxe5 13. f4 N5c6 14. Qh5 f5
15. exf5 Qe8 16. Qh3 Qf7 17. Nf3 Nxf5 18. Ng5 Qg6 19. g4 Nce7 20. gxf5 Nxf5 21.
Kf2 h6 22. Nf3 Qe6 23. Nh4 Nxh4 24. Qxh4 Qc6 25. Qg3 b4 26. c4 d5 27. Bb3 d4
28. Bd2 Qc5 29. Rad1 a5 30. Bc2 Rae8 31. Bd3 Rf6 32. Rde1 Ref8 33. Re5 Qxe5 34.
Kg1 Qd6 35. Qg4 c5 36. Re1 Bc8 37. Qg2 Bf5 38. Bxf5 Rxf5 0-1

[Event "K41 Aabent Mesterskab 2008-09"]
[Site "Valby"]
[Date "2008.11.25"]
[Round "2"]
[White "Krogh, Soren"]
[Black "Hou, Mads"]
[Result "1-0"]
[WhiteElo "1243"]
[BlackElo "1477"]
[PlyCount "51"]
[EventDate "2008.??.??"]

1. d4 e6 2. c4 d6 3. e4 Ne7 4. Bd3 g6 5. Nc3 Bg7 6. Nf3 Nd7 7. O-O b6 8. Bg5 h6
9. Bd2 Bb7 10. Qc1 a6 11. Re1 c5 12. d5 e5 13. h4 Nf6 14. Rb1 Bc8 15. a3 Bg4
16. Nh2 h5 17. b4 O-O 18. f4 Bh6 19. fxe5 Bxd2 20. Qxd2 dxe5 21. Qh6 Qd7 22.
bxc5 bxc5 23. Rb6 Nh7 24. d6 Nc6 25. Nd5 Qxd6 26. Rxc6 1-0

[Event "K41 Aabent Mesterskab 2008-09"]
[Site "Valby"]
[Date "2008.11.25"]
[Round "2"]
[White "Krull, Carl"]
[Black "Christiansen, Andreas Ryding Lund"]
[Result "1-0"]
[WhiteElo "1467"]
[BlackElo "1300"]
[PlyCount "75"]
[EventDate "2008.??.??"]

1. e4 e6 2. Nf3 d5 3. exd5 exd5 4. d4 Nf6 5. Nc3 c6 6. Bg5 Bg4 7. Be2 Bd6 8.
Qd2 O-O 9. O-O-O h6 10. Be3 Nbd7 11. h3 Bf5 12. g4 Bh7 13. g5 hxg5 14. Bxg5 Qc7
15. Kb1 Rfe8 16. Rhg1 Kh8 17. Bd3 Ne4 18. Bxe4 dxe4 19. Nh4 Re6 20. Qe2 Bf4 21.
Qg4 Bxg5 22. Qxg5 Rg8 23. Qe3 Rh6 24. Ng2 Nf6 25. Nf4 Nh5 26. Nce2 Nxf4 27.
Nxf4 Rh4 28. Rg4 Rxg4 29. hxg4 Qd7 30. Qh3 g6 31. d5 Qd6 32. Qe3 g5 33. Nh5
cxd5 34. Qd4+ f6 35. Nxf6 Rg7 36. Ne8 Qf8 37. Nxg7 Qxg7 38. Qxd5 1-0

[Event "K41 Aabent Mesterskab 2008-09"]
[Site "Valby"]
[Date "2008.11.25"]
[Round "2"]
[White "Mollmann, Erik"]
[Black "Jorgensen, Orla Eilegaard"]
[Result "1-0"]
[WhiteElo "1482"]
[BlackElo "1390"]
[PlyCount "57"]
[EventDate "2008.??.??"]

1. d4 c5 2. d5 e5 3. c4 b5 4. e4 Nf6 5. Qc2 bxc4 6. Bxc4 d6 7. Bg5 Be7 8. Nd2
Nbd7 9. Ngf3 h6 10. Bh4 g5 11. Bg3 g4 12. Nh4 Nh5 13. Nf5 Nb6 14. Bb5+ Bd7 15.
Bxd7+ Qxd7 16. a4 a5 17. O-O Bg5 18. Nc4 Nxc4 19. Qxc4 Nxg3 20. fxg3 Rb8 21.
Rab1 O-O 22. h4 gxh3 23. gxh3 Rb4 24. Qe2 Kh7 25. h4 Bf6 26. Qh5 Bg7 27. Nxh6
Bxh6 28. Rf6 Qh3 29. Rxh6+ 1-0

[Event "K41 Aabent Mesterskab 2008-09"]
[Site "Valby"]
[Date "2008.11.25"]
[Round "2"]
[White "Nielsen, Jimmy O"]
[Black "Dyremose, Morten Sigvart"]
[Result "1-0"]
[WhiteElo "1767"]
[BlackElo "1123"]
[PlyCount "35"]
[EventDate "2008.??.??"]

1. d4 d5 2. c4 dxc4 3. Nc3 e6 4. e4 Nf6 5. Bxc4 a6 6. Bd3 Bb4 7. Nf3 Nc6 8. O-O
Bxc3 9. bxc3 O-O 10. e5 Nd5 11. Bc2 h6 12. Qd3 g6 13. Bxh6 Re8 14. Ng5 Qe7 15.
Ne4 b6 16. Bg5 Qd7 17. Nf6+ Nxf6 18. Bxf6 1-0

[Event "K41 Aabent Mesterskab 2008-09"]
[Site "Valby"]
[Date "2008.11.25"]
[Round "2"]
[White "Nielsen, Jorgen Holmstrom"]
[Black "Jorgensen, Kasper Moller"]
[Result "0-1"]
[WhiteElo "1591"]
[BlackElo "1932"]
[PlyCount "50"]
[EventDate "2008.??.??"]

1. Nc3 c5 2. Nf3 Nf6 3. e3 d5 4. Bb5+ Bd7 5. Bxd7+ Nbxd7 6. d4 e6 7. b3 c4 8.
O-O Bb4 9. Ne2 Qc7 10. Ng3 h5 11. bxc4 h4 12. Ne2 Qxc4 13. a3 Bd6 14. Qd3 Rc8
15. Qxc4 Rxc4 16. Ra2 Ke7 17. Nd2 Rc7 18. c3 b5 19. f4 Nb6 20. Rf3 Na4 21. Nb1
Ne4 22. f5 Naxc3 23. Nbxc3 Nxc3 24. Nxc3 Rxc3 25. fxe6 Rxc1+ 0-1